Pizza, birra y faso /

Gorde:
Xehetasun bibliografikoak
Egile nagusia: Reyna, Roberto
Formatua: Texto
Gaiak:
Etiketak: Etiketa erantsi
Etiketarik gabe, Izan zaitez lehena erregistro honi etiketa jartzen!

MARC

LEADER 00000 a a2200000 04500
001 4877
003
040
100 |a Reyna, Roberto  
245 |a Pizza, birra y faso /  |c Roberto Reyna 
650 |a DELINCUENCIA JUVENIL  
650 |a POBREZA  
650 |a EXCLUSION SOCIAL  
650 |a EDUCACION  
773 |g volumen 5, número 27; páginas 4-9  
999 |c 32350  |d 32350